00527 2200205 4500001002100000005001500021035002000036007000300056008004100059020001800100082000800118084001400126100002400140245004300164250001100207260004500218300003500263600001000298990001300308INLIS00000000000995920251223024317 a0010-1023000002ta251223 g 0 ind  a9786020318806 a813 a813 ARS r0 aArswendo Atmowiloto1 aRabu Rasa Sabtu /cArswendo Atmowiloto aCet. 3 aJakarta :bGramedia Pustaka Utama,c2020 a240 hlm. :bill. ;c13 x 20 cm 4aFiksi a023.2988